VEDLEJŠÍ ÚČINKY KOMBINOVANÉ SIMULTÁNNÍ CHEMO-RADIOTERAPIE

Bibliographic Details
Main Authors: Macháček, J. (Author), Cwiertka, K. (Author)
Format: Article
Language:Slovak
Czech

MARC

LEADER 00000nab a2200000 a 4500
001 vtls010738333
003 SK-MaSNL
005 20260304190843.0
008 250709s1994 xo |||||||||||||||||slo|
035 |a (urnnbn)urn:nbn:sk:snk:ar-a05m39 
035 |a (uuid)9709c9e3-c1ae-4375-b825-0a851beb47f8 
035 |a urn:nbn:sk:snk-ab3zau 
040 |a SNKBUCL  |b slo  |c SNKBUCL  |e AACR2 
041 0 |a cze 
044 |a xo  |c SK 
100 1 |a Macháček, J.  |4 aut  |9 384638 
245 1 0 |a VEDLEJŠÍ ÚČINKY KOMBINOVANÉ SIMULTÁNNÍ CHEMO-RADIOTERAPIE  |c J. Macháček, K. Cwiertka 
700 1 |a Cwiertka, K.  |4 aut  |9 900639 
773 0 |t Klinická onkologie : časopis České a Slovenské onkologické společnosti  |g Roč. 7, č. 2 (1994), s. 57-60 
850 |a Slovenská národná knižnica 
852 |a Slovenská národná knižnica 
954 |a odborná, vedecká literatúra cudzojazyčná (svetová)  |2 lita 
958 |a article1 
958 |a OND 
958 |a EUIPO 
999 |c 3051608  |d 3053538